MARC

LEADER 00000nam0a2200000 4500
001 66753
005 20231101212258.0
035 |a (RuTPU)RU\TPU\book\70967 
035 |a RU\TPU\book\70966 
090 |a 66753 
100 |a 20040906d1959 m y0rusy50 ca 
101 0 |a rus 
102 |a RU 
105 |a y j 000zy 
200 1 |a Аналитическая химия и технический анализ углей  |e учебное пособие  |f М. А. Менковский, А. А. Флодин 
210 |a Москва  |c Недра  |d 1959 
215 |a 336 с. 
606 1 |a Угли ископаемые  |x Анализ  |2 stltpush  |3 (RuTPU)RU\TPU\subj\33147  |9 55469 
610 1 |a аналитическая химия 
610 1 |a уголь 
610 1 |a анализ 
610 1 |a катионы 
610 1 |a анионы 
610 1 |a классификация 
610 1 |a зольность 
610 1 |a сера 
610 1 |a вода 
610 1 |a жесткость 
610 1 |a газовый анализ 
610 1 |a учебные пособия 
675 |a 662.66(075.32)  |v 3 
700 1 |a Менковский  |b М. А.  |g Михаил Абрамович 
701 1 |a Флодин  |b А. А.  |g Алексей Алексеевич 
801 1 |a RU  |b 63413507  |c 20040906  |g PSBO 
801 2 |a RU  |b 63413507  |c 20230207  |g PSBO 
942 |c BK